| 000 | 00896nas a2200301 4500 | ||
|---|---|---|---|
| 001 | BR0700933 | ||
| 003 | BR-BrBNA | ||
| 005 | 20231205110609.0 | ||
| 007 | ta | ||
| 008 | 230509b bl.|||p| |||| 00| 00por d | ||
| 040 |
_aBR-BrBNA _bpor _cBiblioteca Nacional de Agricultura |
||
| 041 | _a(Pt) | ||
| 072 | _aF63 | ||
| 100 | 1 | _aCarvalho, C.A.L. de | |
| 100 | 1 | _aNascimento, A.S. do | |
| 100 | 1 | _aPereira, L.L. | |
| 100 | 1 | _aMachado, C.S. | |
| 100 | 1 | _aClarton, L. | |
| 245 | 1 | _aFontes nectaríferas e poliníferas utilizadas por Melopona quadrifasciata (Hymenoptera: Apidae)no Recôncavo Baiano | |
| 650 | _aABELHA | ||
| 650 | _aPLANTA MELÍFERA | ||
| 650 | _aMEL | ||
| 650 | _aPOLEN | ||
| 650 | _aPOLINIZAÇÃO | ||
| 773 | 0 |
_tMagistra (Brazil) _xISSN 0102-5333 _g(Oct-Dec 2006), v. 18(4) p. 249-256 _wBR0700933 |
|
| 909 |
_a202311 _bLúcia _c55 _dLúcia Elande |
||
| 942 |
_2AGRIS _n0 _cANA |
||
| 999 |
_c188102 _d188102 |
||